|
|
|
|
| LEADER |
00000caa a2200000 c 4500 |
| 001 |
1918607761 |
| 003 |
DE-627 |
| 005 |
20260505131812.0 |
| 007 |
tu |
| 008 |
250226s2023 xx ||||| 00| ||eng c |
| 020 |
|
|
|a 9783031276309
|
| 035 |
|
|
|a (DE-627)1918607761
|
| 035 |
|
|
|a (DE-599)KXP1918607761
|
| 040 |
|
|
|a DE-627
|b ger
|c DE-627
|e rda
|
| 041 |
|
|
|a eng
|
| 084 |
|
|
|a 2,1
|2 ssgn
|
| 100 |
1 |
|
|a Simović, Miodrag
|d 1952-
|e VerfasserIn
|0 (DE-588)1103463217
|0 (DE-627)861085124
|0 (DE-576)470582065
|4 aut
|
| 109 |
|
|
|a Simović, Miodrag 1952-
|a Simović, Miodrag N. 1952-
|
| 245 |
1 |
0 |
|a Women’s crime in Bosnia and Herzegovina: scope, structure, and psychosocial status
|c Miodrag Simovic, Mile Šikman
|
| 264 |
|
1 |
|c 2023
|
| 336 |
|
|
|a Text
|b txt
|2 rdacontent
|
| 337 |
|
|
|a ohne Hilfsmittel zu benutzen
|b n
|2 rdamedia
|
| 338 |
|
|
|a Band
|b nc
|2 rdacarrier
|
| 500 |
|
|
|a Literaturverzeichnis: Seite 213-216
|
| 689 |
0 |
0 |
|d g
|0 (DE-588)4088119-2
|0 (DE-627)106037552
|0 (DE-576)209251883
|a Bosnien-Herzegowina
|2 gnd
|
| 689 |
0 |
1 |
|d s
|0 (DE-588)7539320-7
|0 (DE-627)516378791
|0 (DE-576)256450587
|a Weibliche Kriminelle
|2 gnd
|
| 689 |
0 |
2 |
|d s
|0 (DE-588)4134292-6
|0 (DE-627)105673706
|0 (DE-576)209651067
|a Kriminalstatistik
|2 gnd
|
| 689 |
0 |
3 |
|a z
|2 gnd
|a Geschichte 2016-2020
|
| 689 |
0 |
|
|5 (DE-627)
|
| 700 |
1 |
|
|a Šikman, Mile
|e VerfasserIn
|4 aut
|
| 773 |
0 |
8 |
|i Enthalten in
|t The handbook on female criminality in the former Yugoslav countries
|d Cham, Switzerland : Springer, 2023
|g (2023), Seite 195-216
|h x, 296 Seiten
|w (DE-627)1842853120
|z 9783031276309
|z 9783031276279
|7 nnam
|
| 773 |
1 |
8 |
|g year:2023
|g pages:195-216
|
| 951 |
|
|
|a AR
|
| ELC |
|
|
|b 1
|
| LOK |
|
|
|0 000 xxxxxcx a22 zn 4500
|
| LOK |
|
|
|0 001 4673282426
|
| LOK |
|
|
|0 003 DE-627
|
| LOK |
|
|
|0 004 1918607761
|
| LOK |
|
|
|0 005 20250226111534
|
| LOK |
|
|
|0 008 250226||||||||||||||||ger|||||||
|
| LOK |
|
|
|0 040
|a DE-2619
|c DE-627
|d DE-2619
|
| LOK |
|
|
|0 092
|o n
|
| LOK |
|
|
|0 852
|a DE-2619
|
| LOK |
|
|
|0 852 1
|9 00
|
| LOK |
|
|
|0 939
|a 2025-02-26
|b l01
|
| ORI |
|
|
|a WA-MARC-krimdoka001.raw
|
| TIM |
|
|
|a 100020160101_100020201231
|b Geschichte 2016-2020
|